| 000 | 00775nam a2200229 i 4500 | ||
|---|---|---|---|
| 001 | 188604 | ||
| 003 | ES-MaACL | ||
| 005 | 20250821063117.0 | ||
| 007 | t| | ||
| 008 | 190104s1969 sp ||||1| spa d | ||
| 100 | 1 |
_aBaquero, Gastón, _d1918-1997 _925260 |
|
| 245 | 1 | 0 |
_aDarío, Cernuda y otros temas poéticos / _cGastón Baquero. |
| 260 |
_aMadrid : _bEditora Nacional, _c1969. |
||
| 300 |
_a446 p. ; _c22 cm. |
||
| 490 | 1 |
_aColección "Ensayo" ; _v53 |
|
| 600 | 1 | 4 |
_aDarío, Rubén, _d1867-1916- _xCrítica e interpretación _942722 |
| 600 | 0 |
_aCernuda, Luis, _d1902-1963- _xCrítica e interpretación _9233932 |
|
| 830 | 0 |
_aColección Ensayo (Editora Nacional) _9235422 _v53 |
|
| 852 |
_aES-MaACL _jP-205-Ter-8 |
||
| 942 | _2udc | ||
| 999 |
_c188604 _d188604 |
||